MANUAL DE CONTABILIDAD AGRICOLA GANADERA : (Registro nro. 48085)
[ vista simple ]
| 000 -LEADER | |
|---|---|
| fixed length control field | 00938nam a2200181 a 4500 |
| 001 - CONTROL NUMBER | |
| control field | 48085 |
| 005 - DATE AND TIME OF LATEST TRANSACTION | |
| control field | 20180714032249.0 |
| 008 - FIXED-LENGTH DATA ELEMENTS--GENERAL INFORMATION | |
| fixed length control field | 140415s2003 bo 000 0 spa d |
| 041 ## - LANGUAGE CODE | |
| Language code of text/sound track or separate title | spa |
| 082 ## - DEWEY DECIMAL CLASSIFICATION NUMBER | |
| Classification number | 657.863 |
| Item number | MEN |
| 100 1# - MAIN ENTRY--PERSONAL NAME | |
| Personal name | MENDOZA Y., ADOLFO |
| 245 10 - TITLE STATEMENT | |
| Title | MANUAL DE CONTABILIDAD AGRICOLA GANADERA : |
| Remainder of title | TEORIA Y PRACTICA |
| 250 ## - EDITION STATEMENT | |
| Edition statement | 3a ed. |
| 260 ## - PUBLICATION, DISTRIBUTION, ETC. | |
| Place of publication, distribution, etc. | BOLIVIA : |
| Name of publisher, distributor, etc. | ARTES GRAFICAS SAGITARIO S.R.L., |
| Date of publication, distribution, etc. | 2003 |
| 300 ## - PHYSICAL DESCRIPTION | |
| Extent | 488 |
| Dimensions | 15.8 x 1.1 x 21 |
| 520 ## - SUMMARY, ETC. | |
| Summary, etc. | ESTA TERCERA PRESENTACION PRETENDE SERVIR DE GUIA PARA EMPRESARIOS TECNICOS Y PUEDAN CUBRIR LA ESCASA BIBLIOGRAFIA Y TEMAS DEDICADOS AL RUBRO, CON LA PARTICULARIDAD DE SU APLICABILIDAD A NUESTRO MEDIO. OTRA DE LAS RAZONES DE ESTA NUEVA PRESENTACION TIENE LA CERTEZA DE QUE EL CONTENIDO AUXILIARA EN EL PROCESO DE ENSEÑANZA APRENDIZAJE, COMO LA DE CONFECCIONAR ESTADOS FINANCIEROS ENMARCADOS EN NUESRTAS LEYES VIGENTES. |
| 650 14 - SUBJECT ADDED ENTRY--TOPICAL TERM | |
| Topical term or geographic name entry element | CONTABILIDAD AGRICOLA |
| Withdrawn status | Lost status | Source of classification or shelving scheme | Damaged status | Not for loan | Collection code | Home library | Current library | Shelving location | Date acquired | Source of acquisition | Inventory number | Total Checkouts | Full call number | Barcode | Date last seen | Price effective from | Koha item type |
|---|---|---|---|---|---|---|---|---|---|---|---|---|---|---|---|---|---|
| Dewey Decimal Classification | General | Biblioteca Karol Wojtyla | Biblioteca Karol Wojtyla | Sala general | 03/12/2013 | Compra | 151000000000000000021040 | 657.863 MEN | 71985 | 05/01/2026 | 03/12/2013 | Libro |